MARC details
| 000 -LEADER |
| fixed length control field |
00851cab a2200193 4500 |
| 001 - CONTROL NUMBER |
| control field |
X1237 |
| 008 - FIXED-LENGTH DATA ELEMENTS--GENERAL INFORMATION |
| fixed length control field |
090401t xxu||||| |||| 00| 0 eng d |
| 035 ## - SYSTEM CONTROL NUMBER |
| System control number |
(Sirsi) u15724 |
| 041 ## - LANGUAGE CODE |
| Language code of text/sound track or separate title |
eng |
| 245 ## - TITLE STATEMENT |
| Title |
Benn v Hardinge |
| 350 ## - PRICE (NR) (BK AM CF MU VM SE) [OBSOLETE] |
| Price |
0 |
| 490 ## - SERIES STATEMENT |
| Series statement |
Property and Compensation Reports |
| Volume/sequential designation |
66 P&CR 246-262(17) |
| 520 ## - SUMMARY, ETC. |
| Summary, etc. |
CA 7 October 1993. Right of way - carriageway - whether right granted impliedly by an enclosure award where there was no separate express grant of right of way - no other purpose in laying out of carriageway in enclosure award but for the benefit of adjacent property owners - in any event whether right impliedly abandoned - not used for 175 years. (Taken from journal headnote.) |
| 650 ## - SUBJECT ADDED ENTRY--TOPICAL TERM |
| Topical term or geographic name entry element |
ENCLOSURE AWARDS |
| 650 ## - SUBJECT ADDED ENTRY--TOPICAL TERM |
| Topical term or geographic name entry element |
RIGHT OF WAYS |
| 690 ## - LOCAL SUBJECT ADDED ENTRY--TOPICAL TERM (OCLC, RLIN) |
| Topical term or geographic name as entry element |
HIGHWAYS AND RIGHTS OF WAY-CASE LAW |
| 942 ## - ADDED ENTRY ELEMENTS (KOHA) |
| Suppress in OPAC |
0 |
| 948 ## - LOCAL PROCESSING INFORMATION (OCLC); SERIES PART DESIGNATOR (RLIN) |
| c (OCLC) |
04/03/1997 |